000 00292nam a22001337a 4500
008 170421b xxu||||| |||| 00| 0 eng d
020 _a9780131789999
041 _aeng
080 _22ND
_a573
100 _a11
101 _aSHM
245 _aBIOLOGY OF HUMANS
_cGOODENOUGH
942 _2udc
_cBK
999 _c11431
_d11431